000 00719nam a22002297a 4500
005 20170124110113.0
010 _aA-353387
020 _c00.00
_a8120002822
035 _aA-353387
037 _bCen Lib/Ret
040 _aDPL
_bEN
082 _a954
_bBHA
100 _aBhattacharya, Vivek Ranjan
_912952
245 _aWisdom of cultural heritage of India /
_cby Vivek Ranjan Bhattacharya
_b
260 _bMetropolitan Book Company
_c1989
_aNew Delhi
270 _a1, Netaji Subhash Marg
_bNew Delhi
_e110002
300 _axiv,472p.
_c22cm(Hb)
500 _aIncludes index
650 _aHinduism -- Sacred books
_910179
650 _aIndia -- Civilization
_912282
942 _2ddc
_cEN
_h954
_mBHA
999 _c130577
_d130577